China-India review (Record no. 198152)

MARC details
000 -LEADER
fixed length control field 00404nam a2200097 4500
008 - FIXED-LENGTH DATA ELEMENTS--GENERAL INFORMATION
fixed length control field 230915b |||||||| |||| 00| 0 eng d
245 ## - TITLE STATEMENT
Title China-India review
Remainder of title China's Diplomacy Promoting Peace and Harmony
Statement of responsibility, etc edted by wang xiaojian
260 ## - PUBLICATION, DISTRIBUTION, ETC. (IMPRINT)
Place of publication, distribution, etc new delhi
Name of publisher, distributor, etc wang xiaojian ,press counsellor embassy of the people's republic of china in india
Date of publication, distribution, etc 2023
300 ## - PHYSICAL DESCRIPTION
Extent vol.2 no.0
Other physical details ill
Dimensions 27cm
942 ## - ADDED ENTRY ELEMENTS (KOHA)
Source of classification or shelving scheme Dewey Decimal Classification
Item type Periodicals
Call number suffix CHI
Serial record 1
Holdings
Withdrawn status Lost status Source of classification or shelving scheme Damaged status Not for loan Collection code Home library Current library Shelving location Date acquired Source of acquisition Cost, normal purchase price Total Checkouts Full call number Date last seen Cost, replacement price Price effective from Koha item type
    Dewey Decimal Classification   Not For Loan Non-fiction Central Library Central Library On Display 15/09/2023 DBAD/PUB 50.00   CHI 15/09/2023 50.00 15/09/2023 Periodicals

© Delhi Public Library
Hit Counter
free hit counter